NBA Leading Scorer Every Year by Letter - N - Statistics

General Stats
  • This quiz has been taken 13 times
  • The average score is 28 of 74
Answer Stats
Year Points Team Player % Correct
2000 17.5 Dallas Mavericks Dirk Nowitzki
100%
2001 21.8 Dallas Mavericks Dirk Nowitzki
100%
2002 23.4 Dallas Mavericks Dirk Nowitzki
100%
2003 25.1 Dallas Mavericks Dirk Nowitzki
100%
2004 21.8 Dallas Mavericks Dirk Nowitzki
100%
2005 26.1 Dallas Mavericks Dirk Nowitzki
100%
2006 26.6 Dallas Mavericks Dirk Nowitzki
100%
2007 24.6 Dallas Mavericks Dirk Nowitzki
100%
2008 23.6 Dallas Mavericks Dirk Nowitzki
100%
2009 25.9 Dallas Mavericks Dirk Nowitzki
100%
2010 25.0 Dallas Mavericks Dirk Nowitzki
100%
2011 23.0 Dallas Mavericks Dirk Nowitzki
100%
2012 21.6 Dallas Mavericks Dirk Nowitzki
100%
2013 17.3 Dallas Mavericks Dirk Nowitzki
100%
2014 21.7 Dallas Mavericks Dirk Nowitzki
100%
2015 17.3 Dallas Mavericks Dirk Nowitzki
100%
2016 18.3 Dallas Mavericks Dirk Nowitzki
100%
2017 14.2 Dallas Mavericks Dirk Nowitzki
100%
1984 17.7 Phoenix Suns Larry Nance
50%
1986 20.2 Phoenix Suns Larry Nance
50%
1987 22.5 Phoenix Suns Larry Nance
50%
1988 19.1 Phoenix Suns Larry Nance
50%
1990 16.3 Cleveland Cavaliers Larry Nance
50%
1991 19.2 Cleveland Cavaliers Larry Nance
50%
1992 17.0 Cleveland Cavaliers Larry Nance
50%
1993 16.5 Cleveland Cavaliers Larry Nance
50%
2024 12.2 Indiana Pacers Aaron Nesmith
42%
2025 12.0 Indiana Pacers Aaron Nesmith
42%
2018 14.3 Portland Trail Blazers Jusuf Nurkic
42%
2019 15.6 Portland Trail Blazers Jusuf Nurkic
42%
2020 17.6 Portland Trail Blazers Jusuf Nurkic
42%
2022 15.0 Portland Trail Blazers Jusuf Nurkic
42%
2023 13.3 Portland Trail Blazers Jusuf Nurkic
42%
1968 10.0 Boston Celtics Don Nelson
33%
1969 11.6 Boston Celtics Don Nelson
33%
1970 15.4 Boston Celtics Don Nelson
33%
1971 13.9 Boston Celtics Don Nelson
33%
1972 13.8 Boston Celtics Don Nelson
33%
1979 17.1 Los Angeles Lakers Norm Nixon
33%
1996 10.8 Milwaukee Bucks Johnny Newman
17%
1997 8.7 Milwaukee Bucks Johnny Newman
17%
1998 14.7 Denver Nuggets Johnny Newman
17%
2021 14.6 Miami Heat Kendrick Nunn
8%
1977 13.0 Milwaukee Bucks Swen Nater
8%
1978 15.5 Buffalo Braves Swen Nater
8%
1957 10.1 New York Knicks Willie Naulls
8%
1958 18.1 New York Knicks Willie Naulls
8%
1959 15.7 New York Knicks Willie Naulls
8%
1960 21.4 New York Knicks Willie Naulls
8%
1961 23.4 New York Knicks Willie Naulls
8%
1962 25.0 New York Knicks Willie Naulls
8%
1963 12.9 San Francisco Warriors Willie Naulls
8%
1982 17.7 Portland Trail Blazers Calvin Natt
0%
1983 20.4 Portland Trail Blazers Calvin Natt
0%
1985 23.3 Denver Nuggets Calvin Natt
0%
1950 13.1 Washington Capitols Jack Nichols
0%
1953 15.8 Milwaukee Hawks Jack Nichols
0%
1954 5.9 Boston Celtics Jack Nichols
0%
1955 9.9 Boston Celtics Jack Nichols
0%
1956 14.3 Boston Celtics Jack Nichols
0%
1989 18.1 Los Angeles Clippers Ken Norman
0%
1994 11.9 Milwaukee Bucks Ken Norman
0%
1995 12.7 Atlanta Hawks Ken Norman
0%
1973 17.0 Houston Rockets Mike Newlin
0%
1974 18.4 Houston Rockets Mike Newlin
0%
1975 14.4 Houston Rockets Mike Newlin
0%
1976 18.6 Houston Rockets Mike Newlin
0%
1980 20.9 New Jersey Nets Mike Newlin
0%
1981 21.4 New Jersey Nets Mike Newlin
0%
1964 11.6 Philadelphia 76ers Paul Neumann
0%
1965 12.7 Philadelphia 76ers Paul Neumann
0%
1966 14.4 San Francisco Warriors Paul Neumann
0%
1967 13.9 San Francisco Warriors Paul Neumann
0%
1999 10.1 Los Angeles Clippers Tyrone Nesby
0%
No matching quizzes found
Score Distribution
Percent of People with Each Score
Percentile by Number Answered
Your Score History
You have not taken this quiz